logo

Bir Sreshtho Munshi Abdur Rouf Library
Jhenaidah Cadet College

Real 4 : (Record no. 625)

MARC details
000 -LEADER
fixed length control field 00622nam a2200229 a 4500
001 - CONTROL NUMBER
JCCL Control Number 625
003 - CONTROL NUMBER IDENTIFIER
JCCL marc code BD-JhCC
005 - DATE AND TIME OF LATEST TRANSACTION
control field 20171011123645.0
008 - FIXED-LENGTH DATA ELEMENTS--GENERAL INFORMATION
fixed length control field 171008s20082010ii a|||| || | 000 0 eng d
020 ## - INTERNATIONAL STANDARD BOOK NUMBER
International Standard Book Number 9780521152136
035 ## - SYSTEM CONTROL NUMBER
system control number (BD-JhCC)625
040 ## - CATALOGING SOURCE
Original cataloging agency BD-JhCC
Modifying agency BD-JhCC
041 ## - LANGUAGE CODE
Language code of Book eng
082 ## - DEWEY DECIMAL CLASSIFICATION NUMBER
DDC Edition number 22
Classification number 428.34
Author mark and Year HAI 2010
100 ## - MAIN ENTRY--PERSONAL NAME
Personal name Haines, Simon
245 ## - TITLE STATEMENT
Title Real 4 :
Remainder of title writing with answers /
Statement of responsibility, etc Simon Haines
260 ## - PUBLICATION, DISTRIBUTION, ETC. (IMPRINT)
Place of publication, distribution, etc New Delhi :
Name of publisher, distributor, etc Cambridge University Press India Pvt. Ltd.,
Date of publication, distribution, etc 2010.
300 ## - PHYSICAL DESCRIPTION
Pagination 112 p. :
Other physical details iil. ;
Dimensions 26 cm.
650 ## - SUBJECT ADDED ENTRY--TOPICAL TERM
Topical term or geographic name as entry element English Language
General subdivision writing
942 ## - ADDED ENTRY ELEMENTS (KOHA)
Source of classification or shelving scheme Dewey Decimal Classification
Koha item type Books
Holdings
Source of classification or shelving scheme Damaged status Not for loan Home library Current library Shelving location Total Checkouts Full call number Barcode Date last seen Date checked out Copy number Koha item type
Dewey Decimal Classification     JCC Rouf Library JCC Rouf Library General Stacks 2 428.34 HAI 2010 1154 07/07/2018 07/05/2018 C-4 Books

JCC Library | Contacts | JCC Home

Last Update on 23 September 2017
Copyright @ 2017-2020 JCC Rouf Library
Rouf Library, Jhenidah Cadet College (JCC), Bangladesh